The Hubble Telescope - Statistics

General Stats
  • This quiz has been taken 8 times
  • The average score is 6 of 10
Answer Stats
Answer % Correct
When was Hubble first launched into orbit 1990
100%
What disaster postponed the launch of the telescope in the 1980's Challenger Shuttle
75%
What is Hubble's sucessor James Webb Space Telescope
75%
It remains in which earth orbit Low
75%
How many servicing missions have there been so far 5
63%
Pioneered imaging in the constellation Ursa Major what referred to as what Hubble Deep Field
63%
The use of Hubble's constant revealed the ages of the universe to be what 13.7 billion years
50%
What is one of hubble's most famous images Pillars of Creation
50%
What was project 'CANDELS' Explore the Big Bang
0%
Hubble gets the most recognition for which image Hubble Extreme Deep Field
0%
No matching quizzes found
Score Distribution
Percent of People with Each Score
Percentile by Number Answered
Your Score History
You have not taken this quiz